Регионална библиотека "Любен Каравелов" - Русе

Школа за кларинет (Запис номер 353215)

MARC детайли
000 -Лидер
Контролно поле с фиксирана дължина 01346ncm a2200349 a 4500
003 - Код на организацията, давaща контролен номер
Контролно поле BLK
005 - Дата и час на последна редакция
Контролно поле 20230825164749.0
007 - Фиксирано поле за физическо описани
fixed length control field! qu
008 - Елементи от данни с фиксирана дължина
fixed length control field 200324b bu ||||| |||| 00| 0 bu d
040 ## - Източник на каталожния запис
Идентификатор на билиотеката - собственик на записа BLK
041 ## - Код за език
Код за езика на текст/звукозапис или на отделно заглавие Български
Код за езика КДБФ Български
080 ## - УДК
Текстов определител УДК Кларинет. Етюди, гами, учебна литература
УДК код - определител по УДК 788.6.087.5
УДК - код + определител 788.6.087.5
100 ## - Редна дума - Автор
R(LIN) 389208
Автор Димитров, Сава
Авторска отговорност първи автор
139 ## - Редно поле
Редна дума Димитров, Сава
Авторски знак Дими - Д 58
245 ## - Сведения за заглавието
Заглавие Школа за кларинет
Подзаглавни данни Нотирана музика
Редно поле (дума) Сава Димитров, Димитър Савов ; ред. Здравко Манолов
250 ## - Област на изданието
Сведения за изданието 2 изд.
260 ## - Област на издателските данни
9 (RLIN) 209430
Място на издаване, разпространение и проч. София
Име на издателя, разпространителя и проч. Музика
Година на издаване 1987
300 ## - Физическа характеристика
Страници 200 с.
Размери/Мащаб 34 см
Илюстрации и др. с ноти
380 ## - Жанр
Жанр Изкуство
650 #0 - Допълнително описание по предмет – тема
9 (RLIN) 353811
Основно описание – тема или топоним Кларинет - етюди, гами
653 #7 - Ключова дума – ненормативна
9 (RLIN) 200852
Ключова дума школи
653 #7 - Ключова дума – ненормативна
9 (RLIN) 188643
Ключова дума кларинети
700 ## - Други автори (авторска отговорност)
9 (RLIN) 389208
Лично име Димитров, Сава
Автороска отговорност (Описва отношението между автора и произведението) първи автор
700 ## - Други автори (авторска отговорност)
Лично име Савов, Димитър
Автороска отговорност (Описва отношението между автора и произведението) съавт.
9 (RLIN) 1445
700 ## - Други автори (авторска отговорност)
9 (RLIN) 1311
Лично име Манолов, Здравко Христов
Автороска отговорност (Описва отношението между автора и произведението) ред.
852 ## - Местоположение
Форматна сигнатура Цб М ІІ 10438
942 ## - АРТИКУЛИ
Вид на библиотечния материал Нотни издания
Скрит в OPAC Не
Периодичен библиозапис Да
944 ## - СЪЗДАВАНЕ И РЕДАКЦИЯ на ЗАПИСА
Създаване/Редакция Създаване
Дата на регистрацията/редакция 2020-04-10
Статус, дата на статуса Нора Радева
Служител, извършил регистрацията/редакцията 30545
999 ## - СИСТЕМНИ КОНТРОЛНИ НОМЕРА
Koha biblionumber 353215
Koha biblioitemnumber 353215
999 ## - СИСТЕМНИ КОНТРОЛНИ НОМЕРА
Koha biblioitemnumber 353215
999 ## - СИСТЕМНИ КОНТРОЛНИ НОМЕРА
Koha biblioitemnumber 353215
999 ## - СИСТЕМНИ КОНТРОЛНИ НОМЕРА
Koha biblioitemnumber 349376
Наличности
Код за отписване Код за изгубен артикул Източник на класификационната схема Код за повреда Коз за рестрикции Код за отдаване Артикулен № Име на библиотеката - собственик Име на библиотеката, в която се намира в момента Статус (Текущо местоположение) Дата на вписване в системата Местоположение - отдел Цена в лева Инвентарен номер Систематично азбучна сигнатура Баркод Цена в евро Служебен тип на артикула
Изтеглен Не е изгубен Universal Decimal Classification Не е повреден без рестрикции заемане за дома 760724 Регионална библиотека "Любен Каравелов" Русе Регионална библиотека "Любен Каравелов" Русе Отдел Изкуство - подръчен фонд 2020-04-13 Отдел Изкуство - подръчен фонд 4.45 166/88 788/Д 58 С 900000004531 2.28 Нотни издания
Изтеглен Не е изгубен Universal Decimal Classification Не е повреден без рестрикции заемане за дома 760725 Регионална библиотека "Любен Каравелов" Русе Регионална библиотека "Любен Каравелов" Русе Отдел Изкуство - подръчен фонд 2020-04-13 Отдел Изкуство - подръчен фонд 4.45 165/88 788/Д 58 С 900000005342 2.28 Нотни издания
Изтеглен Не е изгубен Universal Decimal Classification Не е повреден без рестрикции заемане за дома 760726 Регионална библиотека "Любен Каравелов" Русе Регионална библиотека "Любен Каравелов" Русе Отдел Изкуство - подръчен фонд 2020-04-13 Отдел Изкуство - подръчен фонд 4.45 167/88 788/Д 58 С 900000005341 2.28 Нотни издания
  Не е изгубен Universal Decimal Classification Не е повреден само за читалня ползва се в читалня 778774 Регионална библиотека "Любен Каравелов" Русе Регионална библиотека "Любен Каравелов" Русе Хранилище 2020-06-25 Хранилище 4.45 485866 Цб М II 10438 900000023810 2.28 Нотни издания
  Не е изгубен Universal Decimal Classification Не е повреден   заемане за дома 936722 Регионална библиотека "Любен Каравелов" Русе Регионална библиотека "Любен Каравелов" Русе Отдел Изкуство - подръчен фонд 2023-11-14 Отдел Изкуство - подръчен фонд 4.45 120000895789 788/Д 58 С 120000895789 2.28 Нотни издания
  Не е изгубен Universal Decimal Classification Не е повреден   заемане за дома 936723 Регионална библиотека "Любен Каравелов" Русе Регионална библиотека "Любен Каравелов" Русе Отдел Изкуство - подръчен фонд 2023-11-14 Отдел Изкуство - подръчен фонд 4.45 120000895788 788/Д 58 С 120000895788 2.28 Нотни издания
Vip Innovations Ltd, Rousse, Bulgaria 2025